000 00786nam a22002057a 4500
005 20100817123642.0
010 _aENG-100684
020 _a9788182646421
_c150.00
035 _aEN-84217
037 _bDBAD/PUB
082 _a954.01
245 _aEdakkal caves & the history of wayanad :
_ba student 's handbook /
_cedited by Ok Johnny
260 _aKozhikode
_bMathrubhumi Books
_c2008
270 _aMathrubhumi Building , K P Kesava Menon Road
_bKozhikode
_e673001
300 _a224p.
_c18cm (pbk)
_eb&w photos
650 _aWayanad
_xHistory
_zIndia
_914354
700 _aJohnny, Ok
_914355
942 _2ddc
_cEN
_h954.01
_mEDA
999 _c42286
_d42286